<?xml version="1.0" encoding="UTF-8"?>
<record
    xmlns:xsi="http://www.w3.org/2001/XMLSchema-instance"
    xsi:schemaLocation="http://www.loc.gov/MARC21/slim http://www.loc.gov/standards/marcxml/schema/MARC21slim.xsd"
    xmlns="http://www.loc.gov/MARC21/slim">

  <leader>01603nam a22002537a 4500</leader>
  <datafield tag="952" ind1=" " ind2=" ">
    <subfield code="0">0</subfield>
    <subfield code="1">0</subfield>
    <subfield code="4">0</subfield>
    <subfield code="7">0</subfield>
    <subfield code="a">14</subfield>
    <subfield code="b">14</subfield>
    <subfield code="d">2014-11-24</subfield>
    <subfield code="l">0</subfield>
    <subfield code="o">LB2331 A935  2012</subfield>
    <subfield code="p">14 005435</subfield>
    <subfield code="r">2014-11-24</subfield>
    <subfield code="t">1</subfield>
    <subfield code="w">2014-11-24</subfield>
    <subfield code="y">LB</subfield>
  </datafield>
  <datafield tag="952" ind1=" " ind2=" ">
    <subfield code="0">0</subfield>
    <subfield code="1">0</subfield>
    <subfield code="4">0</subfield>
    <subfield code="7">0</subfield>
    <subfield code="a">03</subfield>
    <subfield code="b">03</subfield>
    <subfield code="d">2014-11-28</subfield>
    <subfield code="l">0</subfield>
    <subfield code="o">LB2331 A935 2012</subfield>
    <subfield code="p">03 007514</subfield>
    <subfield code="r">2014-11-28</subfield>
    <subfield code="t">1</subfield>
    <subfield code="w">2014-11-28</subfield>
    <subfield code="y">LB</subfield>
  </datafield>
  <datafield tag="952" ind1=" " ind2=" ">
    <subfield code="0">0</subfield>
    <subfield code="1">0</subfield>
    <subfield code="4">0</subfield>
    <subfield code="7">0</subfield>
    <subfield code="a">11</subfield>
    <subfield code="b">11</subfield>
    <subfield code="d">2015-10-26</subfield>
    <subfield code="l">2</subfield>
    <subfield code="o">LB2331 A935 2012</subfield>
    <subfield code="p">11 012014</subfield>
    <subfield code="r">2017-06-27</subfield>
    <subfield code="s">2017-06-27</subfield>
    <subfield code="t">1</subfield>
    <subfield code="w">2015-10-26</subfield>
    <subfield code="y">LB</subfield>
  </datafield>
  <datafield tag="999" ind1=" " ind2=" ">
    <subfield code="c">95145</subfield>
    <subfield code="d">95145</subfield>
  </datafield>
  <controlfield tag="008">141124b2012    mx ||||| |||| 00| 0 spa d</controlfield>
  <datafield tag="020" ind1=" " ind2=" ">
    <subfield code="a">9786077957287</subfield>
  </datafield>
  <datafield tag="050" ind1=" " ind2="4">
    <subfield code="a">LB2331 </subfield>
    <subfield code="b">A935  2012</subfield>
  </datafield>
  <datafield tag="100" ind1="1" ind2=" ">
    <subfield code="a">Aboites, Hugo </subfield>
    <subfield code="e">autor </subfield>
  </datafield>
  <datafield tag="245" ind1="1" ind2="3">
    <subfield code="a">La medida de una naci&#xF3;n </subfield>
    <subfield code="b"> : los primeros a&#xF1;os de la evaluaci&#xF3;n en M&#xE9;xico : historia de poder, resistencia y alternativa (1982-2012) </subfield>
    <subfield code="c"> / Hugo Aboites </subfield>
  </datafield>
  <datafield tag="260" ind1=" " ind2=" ">
    <subfield code="a">M&#xE9;xico </subfield>
    <subfield code="b"> : Universidad Aut&#xF3;noma Metropolitana Unidad Xochimilco, Unidad Iztapalapa, CLACSO, Itaca</subfield>
    <subfield code="c">, 2012</subfield>
  </datafield>
  <datafield tag="300" ind1=" " ind2=" ">
    <subfield code="a">984 p&#xE1;ginas </subfield>
    <subfield code="b"> : ilustraciones</subfield>
  </datafield>
  <datafield tag="504" ind1=" " ind2=" ">
    <subfield code="a">Referencias bibliogr&#xE1;ficas (pp. 945-984)</subfield>
  </datafield>
  <datafield tag="505" ind1=" " ind2=" ">
    <subfield code="a">Los cimientos de la nueva evaluaci&#xF3;n
De la evaluaci&#xF3;n a la medici&#xF3;n
Crisis y redefinici&#xF3;n de la evaluaci&#xF3;n
</subfield>
  </datafield>
  <datafield tag="519" ind1=" " ind2=" ">
    <subfield code="a">Plan Flexible /
</subfield>
    <subfield code="b">Maestr&#xED;a en Docencia / </subfield>
    <subfield code="c">Teor&#xED;a y T&#xE9;cnica de la Evaluaci&#xF3;n Educativa (P05-2) / </subfield>
    <subfield code="d">(14 005435)</subfield>
  </datafield>
  <datafield tag="519" ind1=" " ind2=" ">
    <subfield code="a">Plan Flexible /
</subfield>
    <subfield code="b">Maestr&#xED;a en Docencia / </subfield>
    <subfield code="c">Teor&#xED;a y T&#xE9;cnica de la Evaluaci&#xF3;n Educativa (P05-2) / </subfield>
    <subfield code="d">(03 007514)</subfield>
  </datafield>
  <datafield tag="519" ind1=" " ind2=" ">
    <subfield code="a">Plan Flexible /
</subfield>
    <subfield code="b">Maestr&#xED;a en Docencia / </subfield>
    <subfield code="c">Teor&#xED;a y T&#xE9;cnica de la Evaluaci&#xF3;n Educativa (P05-2) / </subfield>
    <subfield code="d">(11 012014)</subfield>
  </datafield>
  <datafield tag="650" ind1="1" ind2="4">
    <subfield code="a">EDUCACI&#xD3;N </subfield>
    <subfield code="v">M&#xC9;XICO</subfield>
    <subfield code="x">EVALUACI&#xD3;N</subfield>
    <subfield code="y">HISTORIA</subfield>
  </datafield>
  <datafield tag="650" ind1="2" ind2="4">
    <subfield code="a">EDUCACI&#xD3;N Y ESTADO</subfield>
    <subfield code="x">M&#xC9;XICO</subfield>
    <subfield code="z">HISTORIA</subfield>
  </datafield>
  <datafield tag="942" ind1=" " ind2=" ">
    <subfield code="c">LB</subfield>
  </datafield>
</record>
